<?xml version='1.0' encoding='UTF-8'?>
  <record xmlns="http://www.loc.gov/MARC21/slim">
    <leader>00000cam a2200000 i 4500</leader>
    <controlfield tag="001">ocm71712059</controlfield>
    <controlfield tag="003">OCoLC</controlfield>
    <controlfield tag="005">20241207185356.9</controlfield>
    <controlfield tag="008">060501s1890    ne a          000 0 dut d</controlfield>
    <datafield tag="040" ind1=" " ind2=" ">
      <subfield code="a">NLGGC</subfield>
      <subfield code="b">dut</subfield>
      <subfield code="e">fobidrtb</subfield>
      <subfield code="c">NLGGC</subfield>
      <subfield code="d">CFT</subfield>
      <subfield code="d">OCLCF</subfield>
      <subfield code="d">OCLCO</subfield>
      <subfield code="d">OCLCQ</subfield>
      <subfield code="d">OCLCO</subfield>
      <subfield code="d">OCLCL</subfield>
      <subfield code="d">OCLCQ</subfield>
    </datafield>
    <datafield tag="029" ind1="0" ind2=" ">
      <subfield code="a">NLGGC</subfield>
      <subfield code="b">293527458</subfield>
    </datafield>
    <datafield tag="035" ind1=" " ind2=" ">
      <subfield code="a">(OCoLC)71712059</subfield>
    </datafield>
    <datafield tag="041" ind1="1" ind2=" ">
      <subfield code="a">dut</subfield>
      <subfield code="h">ger</subfield>
    </datafield>
    <datafield tag="245" ind1="0" ind2="0">
      <subfield code="a">Dr. John Wilson :</subfield>
      <subfield code="b">zendeling, philanthroop en geleerde /</subfield>
      <subfield code="c">[door pastor Ensfelder] ; uit het Duitsch [vert.] door B. v.d. S.</subfield>
    </datafield>
    <datafield tag="260" ind1=" " ind2=" ">
      <subfield code="a">Nijmegen :</subfield>
      <subfield code="b">Milborn,</subfield>
      <subfield code="c">[approximately 1890]</subfield>
    </datafield>
    <datafield tag="300" ind1=" " ind2=" ">
      <subfield code="a">92 p. :</subfield>
      <subfield code="b">ill. ;</subfield>
      <subfield code="c">20 cm</subfield>
    </datafield>
    <datafield tag="600" ind1="1" ind2="0">
      <subfield code="a">Wilson, John,</subfield>
      <subfield code="d">1804-1875.</subfield>
    </datafield>
    <datafield tag="600" ind1="1" ind2="7">
      <subfield code="a">Wilson, John,</subfield>
      <subfield code="d">1804-1875.</subfield>
      <subfield code="2">fast</subfield>
      <subfield code="0">(OCoLC)fst00306733</subfield>
      <subfield code="1">https://id.oclc.org/worldcat/entity/E39PBJkD3WYHF7HmptJTTDp3wC</subfield>
    </datafield>
    <datafield tag="700" ind1="0" ind2=" ">
      <subfield code="a">Ensfelder,</subfield>
      <subfield code="c">pastor.</subfield>
    </datafield>
    <datafield tag="758" ind1=" " ind2=" ">
      <subfield code="a">Dr. John Wilson (Text)</subfield>
      <subfield code="1">https://id.oclc.org/worldcat/entity/E39PCGJ7rjTkFBc3rPT7R4bBdP</subfield>
      <subfield code="4">https://id.oclc.org/worldcat/ontology/hasWork</subfield>
    </datafield>
    <datafield tag="936" ind1=" " ind2=" ">
      <subfield code="a">BATCHLOAD</subfield>
    </datafield>
  </record>